[Event "CHN-ch U16"]
[Site "Shenzhen"]
[Date "2023.08.01"]
[Round "9"]
[White "Liao, Jinxin"]
[Black "Liu, Chenyu"]
[Result "1-0"]
[WhiteElo "1610"]
[BlackElo "1412"]
[PlyCount "41"]
[EventDate "2023.07.28"]
[EventType "swiss"]
[EventRounds "11"]
[EventCountry "CHN"]
[SourceTitle "CBM 215 Extra"]
[Source "ChessBase"]
[SourceDate "2023.09.30"]
[SourceVersion "1"]
[SourceVersionDate "2023.09.30"]
[SourceQuality "1"]

1. e4 c5 2. Nf3 d6 3. d4 cxd4 4. Nxd4 Nf6 5. Nc3 a6 6. Bg5 Nbd7 7. f4 e6 8. Qf3 Qc7 9. 0-0-0 b5 10. e5 Bb7 11. Qh3 dxe5 12. Nxe6 fxe6 13. Qxe6+ Be7 14. Bxb5 axb5 15. Nxb5 Qc6 16. Nd6+ Kd8 17. fxe5 Nd5 18. Bxe7+ Nxe7 19. Rd4 Nd5 20. Rc4 Qxc4 21. Nxc4 1-0

[Event "CHN-ch U16"]
[Site "Shenzhen"]
[Date "2023.07.29"]
[Round "4"]
[White "Liu, Chenyu"]
[Black "Weng, Xuanyu"]
[Result "1/2-1/2"]
[WhiteElo "1412"]
[BlackElo "1842"]
[PlyCount "41"]
[EventDate "2023.07.28"]
[EventType "swiss"]
[EventRounds "11"]
[EventCountry "CHN"]
[SourceTitle "CBM 215 Extra"]
[Source "ChessBase"]
[SourceDate "2023.09.30"]
[SourceVersion "1"]
[SourceVersionDate "2023.09.30"]
[SourceQuality "1"]

1. d4 Nf6 2. c4 g6 3. Nf3 Bg7 4. g3 0-0 5. Bg2 c6 6. 0-0 d5 7. b3 Nbd7 8. Nbd2 b6 9. Bb2 Bb7 10. Ne5 Qc7 11. Rc1 e6 12. Nxd7 Qxd7 13. e3 Rac8 14. Nf3 Rfd8 15. Ne5 Qe7 16. Qe2 Nd7 17. Nd3 Nf6 18. c5 Ba6 19. b4 bxc5 20. bxc5 Rb8 21. f4 1/2-1/2